GUESS THAT CONAN GRAY SONG!!! (no hints vol. 2) - Statistics

General Stats
  • This quiz has been taken 86 times
  • The average score is 221 of 294
Answer Stats
Answer % Correct
a
100%
I
100%
You
98%
you
98%
me
92%
your
92%
be
88%
we
88%
my
86%
the
86%
an
84%
and
84%
And
84%
at
82%
hate
82%
in
82%
It
82%
to
82%
know
80%
love
80%
say
80%
so
80%
So
80%
but
78%
but)
78%
It's
78%
like
78%
look
78%
name
78%
way
78%
are
76%
do
76%
same
76%
this
76%
too
76%
been
75%
brown
75%
Don't
75%
don't
75%
(don't
75%
eyes
75%
that
75%
time
75%
up
75%
Up
75%
break
73%
cried
73%
cryin'
73%
fine
73%
took
73%
vodka
73%
we're
73%
you've
73%
as
71%
cranberry
71%
of
71%
quick
71%
sounds
71%
Then
71%
then
71%
4th
69%
baby
69%
February
69%
green
69%
leave
69%
Looked
69%
looked
69%
May
69%
picture
69%
strange
69%
back
67%
If
67%
night
67%
place
67%
Speak
67%
speak
67%
drunk
65%
middle
65%
will
65%
16th
63%
Got
63%
waiting
63%
nothing
61%
off
61%
Oh
61%
changed
59%
end
59%
has
59%
through
59%
won't
59%
you're
59%
Called
57%
straight
57%
imbecile
55%
Now
55%
Pretendin'
55%
things
55%
Yeah
55%
Cause
53%
face
53%
cruel
51%
mean
51%
cap
49%
dumb
49%
make
49%
notice
49%
Wailin'
49%
wailin'
49%
what
49%
casually
47%
Everybody
47%
knows
47%
Polo
47%
scared
47%
tshirt
47%
everything
45%
lyin'
45%
noticed
45%
steal
39%
Since
35%
No matching quizzes found
Score Distribution
Percent of People with Each Score
Percentile by Number Answered
Your Score History
You have not taken this quiz